000 01632nam0a2200373 4500
001 RU\NLR\bibl\1133658
005 20260405163729.0
010 _a5-222-06182-5
_95000
021 _aRU
_b2007-54634
_92903
035 _a(nilc)EL/0000074036
035 _aRUM0017111
035 _a(NLR Aleph) 001120558
090 _a1295368
_c1295368
100 _a20060516d2005 |||y0rusy50 ca
101 0 _arus
102 _aRU
105 _aa |||||||||
200 1 _aПодвесные комнатные сады, или Фантазии с кашпо
_fА. П. Маркова
210 _aРостов-на-Дону
_cФеникс
_d2005
215 _a154 с., [8] л. цв. ил.
_d21
225 1 _aМир цветов и растений
300 _aНа обл. авт. не указан
606 1 _aАмпельные растения
_xКомнатное выращивание
_92213749
_3RU\NLR\auth\661329730
610 0 _aкомнатные растения
_aампельные растения
_aкашпо
_aподвесные корзины
_aкорзины
_aконтейнеры
_aозеленение интерьеров
_aвертикальное озеленение
_aассортимент
675 _a635.91:712.25
_v4
686 _aП274-455.5
700 1 _4070
_8rus
_7ca
_aМаркова
_bА. П.
_cпопуляризатор
_gАнтонина Прокопьевна
_3RU\NLR\AUTH\7769828
_952756
801 0 _aRU
_bЦНСХБ РАСХН
_c20060516
_gRCR
801 1 _aRU
_bЦНСХБ РАСХН
_c20060711
801 2 _aRU
_bNLR
_c20070927
_grcr
942 _cBOOK
980 _aNB